Normal view MARC view
  • Paragon Mortgages

Entry Corporate Name

Number of records used in: 12

001 - CONTROL NUMBER

  • control field: 4976

003 - CONTROL NUMBER IDENTIFIER

  • control field: SIRSI

005 - DATE AND TIME OF LATEST TRANSACTION

  • control field: 20190806150239.0

008 - FIXED-LENGTH DATA ELEMENTS

  • fixed length control field: 060710n| aaannaabn |n ana d

040 ## - CATALOGING SOURCE

  • Original cataloging agency: OSt
  • Transcribing agency: OSt

110 2# - HEADING--CORPORATE NAME

  • Corporate name or jurisdiction name as entry element: Paragon Mortgages

670 ## - SOURCE DATA FOUND

  • Source citation: Buy-to-let index, 2006
  • Information found: t.p. (June 2006)